000 00994nam a2200265Ia 4500
003 OSt
005 20220923211538.0
006 a|||||r|||| 00| 0
007 ta
008 220922b |||||||| |||| 00| 0 hin d
020 _a9789383110575 (hbk)
_c300
024 _a353,899
037 _bG-947/21-22, 28/12/2021, hinohar Publisher & Distributors
_cTextual
040 _aARTS
_cARTS
_bhin
041 _2hin
_ahin
082 _aV2:51y7N07, 152Q5
100 _aव्यास, राजशेखर, ले.
245 0 _aमृत्युंजय भगत सिंह
246 _aMṛutyuanjaya bhagat sianha
260 _aनई दिल्ली
_b ग्रंथ अकादमी
_c2015
300 _a196पृ.
_ccm.
650 _aभारत-इतिहास
_9156353
942 _hV2:51y7N07, 152Q5
_cTEXL
_2CC
999 _c300661
_d300661